| 000 | 00361 a2200145 4500 | ||
|---|---|---|---|
| 001 | 73917 | ||
| 082 | _a621.3848 SKO | ||
| 090 |
_c39011 _d39011 |
||
| 100 | _aSkolnik, Merrill I | ||
| 245 |
_aIntroduction to radar systems, 2nd Ed _cMerrill I Skolnik |
||
| 250 | _a2 | ||
| 260 |
_aNY _bMcGraw- _c1980 |
||
| 300 | _a581 p. | ||
| 500 | _aBE textbook Avionics | ||
| 942 |
_aNUST-CAE _k621.3848 SKO |
||
| 999 |
_c308990 _d308990 |
||